[Event "SVG Plettenberg 1 - SV Wattenscheid 1"]
[Site "Oberliga NRW 2015/2016"]
[Date "2016.04.03"]
[Round "8.8"]
[White "Jansen, Dirk Norbert"]
[Black "Kaehmann, Jörg"]
[Result "0-1"]
[WhiteElo "2110"]
[BlackElo "2181"]
[PlyCount "104"]
[EventDate "2016.??.??"]
[WhiteTeam "SVG Plettenberg 1"]
[BlackTeam "SV Wattenscheid 1"]

1. c4 e6 2. g3 Nf6 3. Bg2 d5 4. Nf3 Be7 5. O-O O-O 6. b3 b6 7. Bb2 Bb7 8. d3 c5
9. e3 Nc6 10. Qe2 Qc7 11. Nbd2 Rad8 12. Rac1 Rfe8 13. Rfd1 Bf8 14. Bxf6 gxf6
15. cxd5 Rxd5 16. Nh4 Rd7 17. Ne4 Qd8 18. Qh5 Bg7 19. d4 cxd4 20. Nxf6+ Bxf6
21. Qg4+ Kh8 22. Bxc6 Bxc6 23. Rxc6 dxe3 24. Rxd7 Qxd7 25. Rc4 exf2+ 26. Kxf2
Qd2+ 27. Qe2 Qxe2+ 28. Kxe2 Bxh4 29. Rxh4 Re7 30. Ke3 Kg7 31. Kd4 Rd7+ 32. Ke3
Rd5 33. Rc4 Kf6 34. Rc7 Ra5 35. Rc2 Ke5 36. a4 Rc5 37. Rf2 f5 38. Kd2 Rd5+ 39.
Ke3 Rc5 40. Kd2 Rd5+ 41. Ke3 Rd1 42. Rf4 Rb1 43. Rb4 Rb2 44. h4 h6 45. Kf3 h5
46. Ke3 Rg2 47. Kf3 Rc2 48. Rb5+ Rc5 49. Rb4 Rc3+ 50. Kf2 Kd6 51. Rb5 e5 52. b4
Rc6 0-1

[Event "DJK Aufwärts Aachen 2 - SV Letmathe 1"]
[Site "Oberliga NRW 2015/2016"]
[Date "2016.04.03"]
[Round "8.1"]
[White "Podzielny, Karl-Heinz"]
[Black "van Oosterom, Chiel"]
[Result "1-0"]
[WhiteElo "2315"]
[BlackElo "2403"]
[PlyCount "65"]
[EventDate "2016.??.??"]
[WhiteTeam "SV Letmathe 1"]
[BlackTeam "DJK Aufwärts Aachen 2"]

1. Nf3 f5 2. c4 Nf6 3. Nc3 g6 4. g3 Bg7 5. Bg2 O-O 6. O-O d6 7. d4 Qe8 8. Re1
e5 9. dxe5 dxe5 10. e4 Nc6 11. Nd5 fxe4 12. Ng5 Nxd5 13. cxd5 Nd4 14. Be3 Qd8
15. Rc1 Bf5 16. g4 Bd7 17. Nxe4 b6 18. h3 Rc8 19. f4 c5 20. fxe5 Bxe5 21. d6
Bc6 22. Bg5 Qd7 23. Be7 Rf4 24. Qd3 Bb5 25. Qd2 Ne6 26. g5 Bd4+ 27. Kh1 Bc6 28.
Nf6+ Bxf6 29. gxf6 Rd4 30. Qh6 Bxg2+ 31. Kg1 Be4 32. Rxe4 Rxe4 33. Rf1 1-0

[Event "DJK Aufwärts Aachen 2 - SV Letmathe 1"]
[Site "Oberliga NRW 2015/2016"]
[Date "2016.04.03"]
[Round "8.2"]
[White "Skulener, Wladimir"]
[Black "Kolosowski, Mateusz"]
[Result "1/2-1/2"]
[WhiteElo "2299"]
[BlackElo "2428"]
[Annotator "Hausrath,Daniel"]
[PlyCount "43"]
[EventDate "2016.??.??"]
[WhiteTeam "DJK Aufwärts Aachen 2"]
[BlackTeam "SV Letmathe 1"]

1. d4 Nf6 2. c4 g6 3. f3 Nc6 4. e4 e5 5. Ne2 exd4 6. Nxd4 Bg7 7. Bg5 O-O 8. Nc3
Nxd4 9. Qxd4 h6 10. Bxf6 Bxf6 11. Qd2 d6 12. Be2 Re8 13. O-O $11 Bd7 14. Rad1
b6 15. Bd3 Bg7 16. f4 Qh4 17. Nd5 Rac8 18. Bb1 c6 19. Ne3 Rcd8 20. b3 Bc8 21.
Qe2 h5 22. Qf3 1/2-1/2

[Event "DJK Aufwärts Aachen 2 - SV Letmathe 1"]
[Site "Oberliga NRW 2015/2016"]
[Date "2016.04.03"]
[Round "8.3"]
[White "Adamski, Jan"]
[Black "Buscher, Michael"]
[Result "1/2-1/2"]
[WhiteElo "2267"]
[BlackElo "2373"]
[PlyCount "33"]
[EventDate "2016.??.??"]
[WhiteTeam "SV Letmathe 1"]
[BlackTeam "DJK Aufwärts Aachen 2"]

1. Nf3 d6 2. c4 e5 3. Nc3 f5 4. e4 Nf6 5. exf5 Bxf5 6. Be2 c5 7. O-O Nc6 8. d3
Be7 9. Be3 Qd7 10. h3 Nd4 11. Ng5 O-O 12. Nge4 Nxe2+ 13. Qxe2 Rae8 14. Rab1 Kh8
15. a3 b6 16. b4 Bg6 17. Kh2 1/2-1/2

[Event "DJK Aufwärts Aachen 2 - SV Letmathe 1"]
[Site "Oberliga NRW 2015/2016"]
[Date "2016.04.03"]
[Round "8.4"]
[White "Marcziter, Dmitrii"]
[Black "Schleining, Zoya"]
[Result "0-1"]
[WhiteElo "2226"]
[BlackElo "2259"]
[Annotator "Hausrath,Daniel"]
[PlyCount "98"]
[EventDate "2016.??.??"]
[WhiteTeam "DJK Aufwärts Aachen 2"]
[BlackTeam "SV Letmathe 1"]

1. d4 Nf6 2. c4 e6 3. Nf3 Bb4+ 4. Nbd2 d5 5. a3 Bd6 6. e3 b6 7. Bd3 Bb7 8. b3
c5 9. Bb2 cxd4 10. exd4 Nc6 11. O-O O-O 12. Qe2 Nh5 13. g3 Nf6 14. Ne5 Rc8 15.
Rad1 Bb8 16. Nxc6 Bxc6 17. Bb1 Bb7 18. Rfe1 Re8 19. Rc1 Bd6 20. Bd3 Qe7 21. b4
dxc4 22. Bxc4 Nd5 23. Ne4 Bb8 24. Ba6 h6 25. Bxb7 $11 Qxb7 26. Nd2 Rxc1 27.
Rxc1 Rc8 28. b5 Rxc1+ 29. Bxc1 Qc8 30. Nc4 Nc3 31. Qd3 Nxb5 32. Bb2 Qc6 33. Ne3
Nc7 34. Ng4 Nd5 35. Ne5 Bxe5 36. dxe5 a5 37. h4 h5 38. Bd4 b5 39. Qd2 Qc4 40.
Bb2 b4 41. axb4 axb4 42. f3 Nc3 43. Kg2 Na4 44. Bd4 b3 45. Kf2 Qb5 46. Bb2 Qd5
47. Qe2 Qc5+ 48. Kf1 Nxb2 49. Qxb2 Qc2 0-1

[Event "DJK Aufwärts Aachen 2 - SV Letmathe 1"]
[Site "Oberliga NRW 2015/2016"]
[Date "2016.04.03"]
[Round "8.5"]
[White "Soukup, Jiri"]
[Black "Van Dooren, Dirk"]
[Result "0-1"]
[WhiteElo "2308"]
[BlackElo "2316"]
[PlyCount "82"]
[EventDate "2016.??.??"]
[WhiteTeam "SV Letmathe 1"]
[BlackTeam "DJK Aufwärts Aachen 2"]

1. e4 c5 2. Nf3 e6 3. d4 cxd4 4. Nxd4 Nc6 5. g3 a6 6. Bg2 Qc7 7. Nc3 Nf6 8. O-O
Nxd4 9. Qxd4 Bc5 10. Qd3 Ng4 11. Qe2 h5 12. Bf4 d6 13. Rad1 Bd7 14. h3 Ne5 15.
Be3 Bb4 16. f4 Bxc3 17. bxc3 Bb5 18. Qf2 Bxf1 19. fxe5 Bxg2 20. exd6 Qd7 21.
Kxg2 Rc8 22. Qe2 b5 23. Bd4 f6 24. e5 fxe5 25. Qxe5 O-O 26. Re1 Rce8 27. Qxh5
Qc6+ 28. Kg1 Qxd6 29. Qg6 Qd7 30. Re5 Rf6 31. Qe4 Rf5 32. g4 Rxe5 33. Qxe5 Re7
34. g5 Qd5 35. Qb8+ Kh7 36. Qg3 Qf5 37. Qg2 e5 38. Bc5 Rc7 39. Bb4 Rd7 40. c4
Rd1+ 41. Kh2 Qf4+ 0-1

[Event "DJK Aufwärts Aachen 2 - SV Letmathe 1"]
[Site "Oberliga NRW 2015/2016"]
[Date "2016.04.03"]
[Round "8.6"]
[White "Juegel, Marcel"]
[Black "Gruermann, Martin"]
[Result "1/2-1/2"]
[WhiteElo "2183"]
[BlackElo "2128"]
[PlyCount "121"]
[EventDate "2016.??.??"]
[WhiteTeam "DJK Aufwärts Aachen 2"]
[BlackTeam "SV Letmathe 1"]

1. d4 d5 2. Nf3 Nc6 3. Bf4 Bg4 4. e3 e6 5. Be2 Bd6 6. c3 Nge7 7. Nbd2 O-O 8. h3
Bxf3 9. Nxf3 Bxf4 10. exf4 Nf5 11. Bd3 Qf6 12. g3 Rfd8 13. Qc2 Na5 14. h4 h5
15. Qe2 b6 16. Ng5 g6 17. g4 Ng7 18. Qf3 hxg4 19. Qxg4 Nh5 20. Nh3 c5 21. Rg1
Kf8 22. dxc5 bxc5 23. O-O-O Rab8 24. Rd2 c4 25. Bb1 Nc6 26. Ng5 Qxf4 27. Qe2
Ne7 28. Rg4 Qd6 29. Qf3 Nf5 30. Re2 Nf6 31. Bxf5 exf5 32. Rd4 Re8 33. Red2 Re1+
34. Rd1 Qb6 35. R4d2 Rxd1+ 36. Qxd1 Re8 37. Rd4 Qc7 38. h5 Nxh5 39. Rh4 Qe5 40.
Nf3 Qe2 41. Qxd5 Qf1+ 42. Qd1 Qxf2 43. Rxc4 Ng3 44. Qd5 Ne4 45. Rc7 Ng5 46. Nd2
Qe3 47. a4 Ne6 48. Rd7 Kg8 49. Kc2 Qb6 50. a5 Qb8 51. a6 Rd8 52. Nc4 Rxd7 53.
Qxd7 Nc5 54. Qd5 Qb3+ 55. Kc1 Nxa6 56. Qd8+ Kh7 57. Qh4+ Kg7 58. Qd4+ Kg8 59.
Qd8+ Kh7 60. Qh4+ Kg8 61. Qd8+ 1/2-1/2

[Event "DJK Aufwärts Aachen 2 - SV Letmathe 1"]
[Site "Oberliga NRW 2015/2016"]
[Date "2016.04.03"]
[Round "8.7"]
[White "Haude, Ruediger"]
[Black "Tochtenhagen, Wolfgang"]
[Result "1/2-1/2"]
[WhiteElo "2035"]
[BlackElo "2080"]
[PlyCount "114"]
[EventDate "2016.??.??"]
[WhiteTeam "SV Letmathe 1"]
[BlackTeam "DJK Aufwärts Aachen 2"]

1. d4 Nf6 2. Nf3 g6 3. g3 Bg7 4. Bg2 O-O 5. O-O d6 6. c4 Nc6 7. Nc3 Bg4 8. h3
Bxf3 9. Bxf3 Nd7 10. e3 e5 11. d5 Ne7 12. e4 f5 13. Bg5 h6 14. Bd2 a5 15. a3
Nc5 16. Be3 b6 17. b4 fxe4 18. Bg4 axb4 19. axb4 Rxa1 20. Qxa1 Nb3 21. Qd1 Nd4
22. Bxd4 exd4 23. Be6+ Kh7 24. Nxe4 Qa8 25. h4 Qa3 26. h5 Qf3 27. Qxf3 Rxf3 28.
Kg2 Rb3 29. hxg6+ Nxg6 30. c5 Ne5 31. cxd6 cxd6 32. Bf5+ Kg8 33. Nxd6 Bf8 34.
Be6+ Kg7 35. Nf5+ Kf6 36. Nxd4 Rxb4 37. Nf5 Rb2 38. Kh3 h5 39. Ne3 Bc5 40. Nd1
Rd2 41. Nc3 Rd4 42. f3 Ke7 43. f4 Nd3 44. Rf3 Nb4 45. Kh4 Rd3 46. Rxd3 Nxd3 47.
Kxh5 Bf2 48. Ne4 Bxg3 49. f5 Be5 50. Kg5 Nc5 51. Nd2 b5 52. Kg4 Bc3 53. Nb1 Bb2
54. Kf3 Kd6 55. Ke2 Bf6 56. Kd1 Nxe6 57. dxe6 Ke5 1/2-1/2

[Event "DJK Aufwärts Aachen 2 - SV Letmathe 1"]
[Site "Oberliga NRW 2015/2016"]
[Date "2016.04.03"]
[Round "8.8"]
[White "Gourevitch, Mikhail"]
[Black "Dubinski, Mateusz"]
[Result "1-0"]
[WhiteElo "2048"]
[BlackElo "2216"]
[PlyCount "83"]
[EventDate "2016.??.??"]
[WhiteTeam "DJK Aufwärts Aachen 2"]
[BlackTeam "SV Letmathe 1"]

1. e4 c5 2. Nf3 d6 3. d4 cxd4 4. Nxd4 Nf6 5. Nc3 a6 6. g3 e5 7. Nde2 Be7 8. Bg2
O-O 9. O-O Nbd7 10. a4 b6 11. h3 Bb7 12. g4 Nc5 13. Ng3 g6 14. Bh6 Re8 15. Qd2
Ne6 16. Rad1 Qc7 17. Nge2 Rad8 18. Be3 Nc5 19. Ng3 Bc6 20. b3 Qb7 21. Nd5 Bxd5
22. exd5 Qc7 23. g5 Nfd7 24. h4 f5 25. gxf6 Nxf6 26. Bh3 Kh8 27. Qc3 a5 28. Bg5
Ne6 29. Qxc7 Nxc7 30. c4 Kg7 31. Be3 Rb8 32. f4 Na6 33. fxe5 dxe5 34. d6 Bd8
35. h5 Nxh5 36. Nxh5+ gxh5 37. Bd7 Rh8 38. Rd2 h6 39. Rdf2 Bh4 40. Rf7+ Kg6 41.
Bc6 Nc5 42. Bxc5 1-0

[Event "SG Porz 2 - SK Münster 1"]
[Site "Oberliga NRW 2015/2016"]
[Date "2016.04.03"]
[Round "8.1"]
[White "Webb, Laurence"]
[Black "Bok, Benjamin"]
[Result "1/2-1/2"]
[WhiteElo "2238"]
[BlackElo "2594"]
[PlyCount "155"]
[EventDate "2016.??.??"]
[WhiteTeam "SK Münster 1"]
[BlackTeam "SG Porz 2"]

1. d4 d5 2. c4 e6 3. Nc3 c6 4. e3 Nf6 5. Nf3 Nbd7 6. Bd3 dxc4 7. Bxc4 b5 8. Bd3
Bb7 9. O-O a6 10. a4 b4 11. Ne4 c5 12. Nxc5 Nxc5 13. dxc5 Bxc5 14. Qe2 O-O 15.
e4 Qb8 16. b3 Rd8 17. Bb2 Qf4 18. Be5 Qh6 19. Rad1 Qg6 20. Bxf6 Qxf6 21. Bc4 a5
22. Rfe1 g6 23. g3 Kg7 24. Kg2 Rxd1 25. Rxd1 Rd8 26. Rxd8 Qxd8 27. Qb2+ Qf6 28.
Qxf6+ Kxf6 29. Bd3 Bb6 30. Kf1 Bc7 31. Ke2 g5 32. Nd2 Ke5 33. Nf3+ Kf6 34. Nd2
g4 35. Nc4 Kg5 36. Ke3 f5 37. exf5 exf5 38. Kd4 h5 39. Kc5 f4 40. Nd6 Bf3 41.
Nb5 Be5 42. Nd4 Bd1 43. Ne6+ Kf6 44. Nxf4 Bxb3 45. Kb5 Bc7 46. Nxh5+ Ke5 47.
Nf4 Kd4 48. Be2 Bxf4 49. gxf4 Be6 50. Kxa5 b3 51. Bd1 b2 52. Bc2 Ba2 53. f5 Ke5
54. Kb4 b1=Q+ 55. Bxb1 Bxb1 56. f6 Kxf6 57. Kc3 Ke5 58. a5 Ke4 59. a6 Kf3 60.
Kd4 Kf4 61. Kd5 Be4+ 62. Ke6 Ba8 63. Kf6 Bc6 64. Kg6 Bb5 65. a7 Bc6 66. Kh5 Be4
67. Kh4 Bf3 68. h3 gxh3 69. Kxh3 Ba8 70. Kh4 Kf3 71. Kg5 Kxf2 72. Kf4 Ke2 73.
Ke5 Kd3 74. Kd6 Kc4 75. Kc7 Kb5 76. Kb8 Bd5 77. a8=Q Bxa8 78. Kxa8 1/2-1/2

[Event "SG Porz 2 - SK Münster 1"]
[Site "Oberliga NRW 2015/2016"]
[Date "2016.04.03"]
[Round "8.2"]
[White "Malykin, Vitaly"]
[Black "Chilla, Jan Eric"]
[Result "1-0"]
[WhiteElo "2365"]
[BlackElo "2222"]
[PlyCount "95"]
[EventDate "2016.??.??"]
[WhiteTeam "SG Porz 2"]
[BlackTeam "SK Münster 1"]

1. Nf3 Nf6 2. c4 e6 3. Nc3 Bb4 4. g3 b6 5. Bg2 Bb7 6. O-O O-O 7. d3 d5 8. cxd5
exd5 9. Bf4 a6 10. Nh4 Re8 11. Rc1 Bd6 12. Bg5 c6 13. e4 d4 14. Ne2 h6 15. Bxf6
Qxf6 16. f4 Bf8 17. e5 Qd8 18. Qa4 Ra7 19. Qxd4 Bc5 20. Rxc5 Qxd4+ 21. Nxd4
bxc5 22. Nb3 Nd7 23. Nf5 Rd8 24. Na5 Nb6 25. Ne7+ Kf8 26. Nexc6 Bxc6 27. Nxc6
Rad7 28. Nxd8 Rxd8 29. Be4 Rd4 30. b3 c4 31. bxc4 Nxc4 32. Rf2 Na3 33. Rb2 Nb5
34. Rc2 Ra4 35. Bc6 Rd4 36. Bxb5 axb5 37. Rd2 g5 38. fxg5 hxg5 39. Kf2 f6 40.
exf6 Rd6 41. Ke3 Re6+ 42. Kd4 Rxf6 43. Ke5 Rf1 44. Kd6 Kf7 45. d4 Kf6 46. d5 b4
47. Kd7 Ke5 48. Ke7 1-0

[Event "SG Porz 2 - SK Münster 1"]
[Site "Oberliga NRW 2015/2016"]
[Date "2016.04.03"]
[Round "8.3"]
[White "Kamp, Christoph"]
[Black "Korotkjevich, Stanislav"]
[Result "1/2-1/2"]
[WhiteElo "2159"]
[BlackElo "2333"]
[PlyCount "90"]
[EventDate "2016.??.??"]
[WhiteTeam "SK Münster 1"]
[BlackTeam "SG Porz 2"]

1. c4 g6 2. d4 Nf6 3. Nc3 Bg7 4. e4 O-O 5. Be2 d6 6. Nf3 Nbd7 7. O-O e5 8. Be3
Ng4 9. Bg5 f6 10. Bc1 Nh6 11. Qc2 Nf7 12. Rb1 Re8 13. Rd1 a5 14. a3 exd4 15.
Nxd4 c6 16. Bf4 Qe7 17. b4 axb4 18. axb4 Nf8 19. Qd2 f5 20. exf5 Bxd4 21. Qxd4
Bxf5 22. Rbc1 Ne6 23. Qd2 Nxf4 24. Qxf4 Ra3 25. Bf1 Qf6 26. Qd4 Kg7 27. Ne2 Ra2
28. Ng3 Qxd4 29. Rxd4 Kf6 30. Rcd1 Rb2 31. b5 Re5 32. f4 Re3 33. Nxf5 gxf5 34.
bxc6 bxc6 35. Bd3 Re8 36. Bf1 Ra8 37. R4d2 Raa2 38. Rxb2 Rxb2 39. Rd3 Rc2 40.
Rh3 h6 41. Ra3 Nd8 42. Rh3 Nf7 43. Ra3 c5 44. Rh3 Rd2 45. Bd3 Ke6 1/2-1/2

[Event "SG Porz 2 - SK Münster 1"]
[Site "Oberliga NRW 2015/2016"]
[Date "2016.04.03"]
[Round "8.4"]
[White "Peschlow, Patrick"]
[Black "Molinaroli, Martin"]
[Result "1/2-1/2"]
[WhiteElo "2318"]
[BlackElo "2247"]
[PlyCount "77"]
[EventDate "2016.??.??"]
[WhiteTeam "SG Porz 2"]
[BlackTeam "SK Münster 1"]

1. e4 c6 2. d4 d5 3. Nd2 dxe4 4. Nxe4 Nf6 5. Nxf6+ exf6 6. c3 Bd6 7. Bd3 O-O 8.
Qc2 Kh8 9. Ne2 Nd7 10. h4 h6 11. g4 c5 12. g5 cxd4 13. gxh6 g6 14. Nxd4 Ne5 15.
Be3 Nxd3+ 16. Qxd3 Bg4 17. Nb5 Bb8 18. Qxd8 Rxd8 19. Nd4 Re8 20. Rg1 Bh5 21.
Kd2 Re4 22. f3 Rxh4 23. Rh1 Rxh1 24. Rxh1 a6 25. Ke2 Ba7 26. Rh4 Re8 27. Kf2
Kh7 28. Rf4 f5 29. Nxf5 Bxe3+ 30. Nxe3 f5 31. Rb4 Re7 32. Rb6 Rd7 33. c4 Rd2+
34. Kg3 Rd3 35. Kf4 Rd4+ 36. Ke5 Rd3 37. Kf4 Rd4+ 38. Ke5 Rd3 39. Kf4 1/2-1/2

[Event "SG Porz 2 - SK Münster 1"]
[Site "Oberliga NRW 2015/2016"]
[Date "2016.04.03"]
[Round "8.6"]
[White "Xu, Xianliang"]
[Black "Virnyi, Julius"]
[Result "1-0"]
[WhiteElo "2234"]
[BlackElo "2087"]
[PlyCount "79"]
[EventDate "2016.??.??"]
[WhiteTeam "SG Porz 2"]
[BlackTeam "SK Münster 1"]

1. e4 c5 2. c3 Nf6 3. e5 Nd5 4. d4 cxd4 5. Nf3 Nc6 6. Bc4 Nb6 7. Bb3 d5 8. exd6
Qxd6 9. O-O Be6 10. Na3 Bxb3 11. Qxb3 Qd7 12. Rd1 e6 13. Nxd4 Qd5 14. Nab5 Qxb3
15. axb3 O-O-O 16. Bg5 Rd5 17. Be3 Be7 18. Re1 Kb8 19. Bf4+ Kc8 20. Nxc6 bxc6
21. Rxa7 Rxb5 22. Rxe7 Nd5 23. Rxf7 Rxb3 24. Be5 Rb7 25. Rxg7 Rxg7 26. Bxg7 Rg8
27. Bd4 Kd7 28. c4 Ne7 29. Bc5 Nf5 30. Ra1 Rg4 31. Ra7+ Kd8 32. b3 Re4 33. Kf1
h5 34. g3 Re5 35. Bb6+ Ke8 36. Rc7 Ne7 37. Bd4 Ra5 38. Bf6 Nf5 39. Rxc6 Kf7 40.
Bc3 1-0

[Event "SG Porz 2 - SK Münster 1"]
[Site "Oberliga NRW 2015/2016"]
[Date "2016.04.03"]
[Round "8.7"]
[White "Emunds, Hans Georg"]
[Black "Wagenknecht, Uwe"]
[Result "0-1"]
[WhiteElo "2155"]
[BlackElo "2161"]
[PlyCount "76"]
[EventDate "2016.??.??"]
[WhiteTeam "SK Münster 1"]
[BlackTeam "SG Porz 2"]

1. e4 c5 2. Nf3 g6 3. d4 cxd4 4. Nxd4 Bg7 5. c4 Nc6 6. Be3 Nf6 7. Nc3 Qa5 8.
Nb3 Qc7 9. Rc1 b6 10. f3 O-O 11. Qd2 Ba6 12. Be2 Rac8 13. O-O Qb7 14. Nd5 e6
15. Nxf6+ Bxf6 16. f4 d6 17. Rfd1 Rfd8 18. Bf3 Qe7 19. Qf2 Nb4 20. a3 Nc6 21.
Rc2 Rc7 22. g4 g5 23. Be2 gxf4 24. Qxf4 Ne5 25. g5 Bg7 26. Rdc1 Rdc8 27. c5
Bxe2 28. cxd6 Qxd6 29. Rxe2 Rxc1+ 30. Nxc1 Rc4 31. Rf2 Qd1+ 32. Kg2 Rc2 33. h3
Rxf2+ 34. Bxf2 Qc2 35. b3 Qc3 36. a4 Qc2 37. Qe3 Bf8 38. Ne2 Bc5 0-1

[Event "SG Porz 2 - SK Münster 1"]
[Site "Oberliga NRW 2015/2016"]
[Date "2016.04.03"]
[Round "8.8"]
[White "Liard, Thibaud"]
[Black "Wieder, Heiner"]
[Result "1-0"]
[WhiteElo "2128"]
[BlackElo "2080"]
[Annotator "Hausrath,Daniel"]
[PlyCount "119"]
[EventDate "2016.??.??"]
[WhiteTeam "SG Porz 2"]
[BlackTeam "SK Münster 1"]

1. d4 f5 2. g3 Nf6 3. Bg2 g6 4. Nd2 Bg7 5. e4 fxe4 6. Nxe4 O-O 7. Nxf6+ exf6 8.
Ne2 d5 9. Be3 Be6 10. Qd2 Re8 11. O-O-O Nd7 12. Nf4 Nb6 13. Nxe6 Rxe6 14. Bh6
Nc4 15. Qf4 Bxh6 16. Qxh6 Qd6 17. Bf1 Qb4 18. Bxc4 Qxc4 19. Kb1 Rae8 20. Qf4
Re2 21. Rc1 Kg7 22. Rhd1 R8e4 23. Qf3 a5 24. h4 h5 25. Rd3 c6 26. Rb3 Rxc2 27.
Rxb7+ Kh6 28. Qd1 Rxc1+ 29. Qxc1+ Qxc1+ 30. Kxc1 Rxd4 31. b3 Rb4 32. Rf7 f5 33.
Rc7 Rb6 34. f4 a4 35. bxa4 Ra6 36. Kb2 d4 37. Kb3 Rb6+ 38. Kc4 Ra6 $11 39. Kb4
Rb6+ 40. Ka5 Rb2 41. Rxc6 d3 42. Rd6 d2 43. Rd7 Rxa2 44. Kb4 Rb2+ 45. Kc3 Ra2
46. Kb3 Ra1 47. Rxd2 Kg7 48. Rd3 Kf7 49. Re3 Rb1+ 50. Kc4 Rc1+ 51. Kb4 Rb1+ 52.
Rb3 Ra1 53. Re3 Rb1+ 54. Ka5 Ra1 55. Kb5 Rb1+ 56. Ka6 Rb4 57. a5 Re4 58. Rb3
Re6+ 59. Ka7 Ke7 60. Kb7 1-0

[Event "Oberliga NRW"]
[Site "Würselen"]
[Date "2016.04.03"]
[Round "8"]
[White "Hovhannisyan, Mher"]
[Black "Becker, Marcel"]
[Result "0-1"]
[WhiteElo "2483"]
[BlackElo "2375"]
[PlyCount "126"]
[WhiteTeam "SV Würselen"]
[BlackTeam "Oberhausener SV"]

1. Nf3 d5 2. g3 c6 3. Bg2 Nf6 4. O-O Bg4 5. d3 Nbd7 6. h3 Bh5 7. c4 e6 8. cxd5
exd5 9. Nc3 Bc5 10. e4 dxe4 11. dxe4 O-O 12. Qc2 Re8 13. Re1 b5 14. Be3 Qb6 15.
Rac1 Bxe3 16. Rxe3 Bxf3 17. Bxf3 Ne5 18. Bg2 h5 19. Rce1 h4 20. gxh4 Nh5 21.
Ne2 Rad8 22. b4 Re6 23. Rd1 Nc4 24. Red3 Rxd3 25. Rxd3 Rf6 26. Rf3 Qd8 27. Rd3
Rd6 28. Rxd6 Qxd6 29. Bf3 Nf4 30. Nxf4 Qxf4 31. Bg4 Ne5 32. Qe2 Qc1+ 33. Qd1
Qc3 34. h5 Qxb4 35. Qd8+ Qf8 36. Qc7 Qe8 37. Bf5 Nf3+ 38. Kh1 Nd4 39. Qf4 Nxf5
40. Qxf5 Qe6 41. Qf3 Qxa2 42. Kg2 Qe6 43. Qd3 a5 44. Qd8+ Kh7 45. Qxa5 Qxe4+
46. Kg3 Qe5+ 47. Kg4 Qe2+ 48. Kg3 Qxh5 49. Qb6 Qd5 50. h4 Qc4 51. Qa6 Qc3+ 52.
f3 Qe1+ 53. Kg2 Qd2+ 54. Kg3 Qd6+ 55. Kg4 b4 56. Qb6 Qe6+ 57. Kg3 b3 58. Qb4
Qe5+ 59. f4 Qe3+ 60. Kg4 c5 61. Qb5 Qg1+ 62. Kf3 Qd1+ 63. Kg3 Qc2 0-1

[Event "Oberliga NRW"]
[Site "Würselen"]
[Date "2016.04.03"]
[Round "8"]
[White "Kaufeld, Jürgen"]
[Black "Geiernaert, Steven"]
[Result "0-1"]
[WhiteElo "2282"]
[BlackElo "2421"]
[PlyCount "114"]
[WhiteTeam "Oberhausener SV"]
[BlackTeam "SV Würselen"]

1. d4 Nf6 2. c4 e6 3. Nf3 d5 4. g3 Be7 5. Bg2 O-O 6. O-O dxc4 7. Qc2 a6 8. a4
Bd7 9. Rd1 Bc6 10. Nc3 Bxf3 11. Bxf3 Nc6 12. Bxc6 bxc6 13. Bg5 Nd5 14. Bxe7
Qxe7 15. Ne4 Qb4 16. a5 Rfb8 17. Rdc1 Qxb2 18. Qxc4 c5 19. dxc5 Rb4 20. Qd3 Rd4
21. Qf3 Rb8 22. Ng5 Nf6 23. Qc6 Qb7 24. Qxb7 Rxb7 25. Rd1 Rxd1+ 26. Rxd1 Rb8
27. Nf3 g6 28. c6 Kf8 29. Ne5 Ke7 30. f4 h5 31. h3 Rb2 32. Kf1 Rb5 33. Ra1 Ne4
34. Ra3 Rb3 35. Rxb3 Nd2+ 36. Kf2 Nxb3 37. Nc4 Nd4 38. Ne5 f6 39. Nxg6+ Kf7 40.
f5 e5 41. g4 hxg4 42. hxg4 Nxc6 43. Ke3 Nxa5 44. Nh4 Nc4+ 45. Kd3 Nd6 46. Ng2
Kg7 47. Ne1 Kh6 48. Ke3 Kg5 49. Kf3 e4+ 50. Kg3 a5 51. Nc2 c5 52. Na3 a4 53.
Kh3 c4 54. Kg3 c3 55. Kh3 Nc4 56. Nc2 a3 57. Kg3 a2 0-1

[Event "Oberliga NRW"]
[Site "Würselen"]
[Date "2016.04.03"]
[Round "8"]
[White "Docx, Stefan"]
[Black "Litwak, Aleksej"]
[Result "0-1"]
[WhiteElo "2439"]
[BlackElo "2275"]
[PlyCount "68"]
[WhiteTeam "SV Würselen"]
[BlackTeam "Oberhausener SV"]

1. c4 e6 2. Nc3 d5 3. e3 c5 4. cxd5 exd5 5. d4 Nf6 6. Nf3 Nc6 7. Bb5 Bd6 8.
dxc5 Bxc5 9. O-O O-O 10. b3 Bg4 11. Bb2 Re8 12. Rc1 Bd6 13. Ne2 Bxf3 14. gxf3
Re6 15. Ng3 h5 16. Bxc6 bxc6 17. Kh1 Bxg3 18. hxg3 a5 19. Kg2 a4 20. b4 a3 21.
Bd4 Qb8 22. Qb3 h4 23. Rh1 hxg3 24. fxg3 Qb5 25. Qc2 Ra4 26. Rh4 Kf8 27. g4 Nd7
28. Qf5 Rxb4 29. Bxg7+ Ke7 30. Rh7 Qe2+ 31. Kg3 Rxg4+ 32. Kxg4 Qxe3 33. Bf8+
Kd8 34. Qg5+ Nf6+ 0-1

[Event "Oberliga NRW"]
[Site "Würselen"]
[Date "2016.04.03"]
[Round "8"]
[White "Kummerow, Heiko"]
[Black "Huhndorf, Arnold"]
[Result "1/2-1/2"]
[WhiteElo "2247"]
[BlackElo "2240"]
[PlyCount "28"]
[WhiteTeam "Oberhausener SV"]
[BlackTeam "SV Würselen"]

1. e4 c5 2. Nf3 Nc6 3. d4 cxd4 4. Nxd4 g6 5. Nc3 Bg7 6. Be3 Nf6 7. Bc4 O-O 8.
Bb3 d5 9. exd5 Na5 10. Qf3 Bg4 11. Qg3 Nxb3 12. axb3 Bh5 13. f3 Nxd5 14. Nxd5
Qxd5 1/2-1/2

[Event "Oberliga NRW"]
[Site "Würselen"]
[Date "2016.04.03"]
[Round "8"]
[White "Weimann, Maximilian"]
[Black "Ciornei, Dragos"]
[Result "1/2-1/2"]
[WhiteElo "2236"]
[BlackElo "2183"]
[PlyCount "110"]
[WhiteTeam "SV Würselen"]
[BlackTeam "Oberhausener SV"]

1. e4 c5 2. Nf3 e6 3. d4 cxd4 4. Nxd4 a6 5. Nc3 Qc7 6. g3 Nc6 7. Bg2 h5 8. O-O
h4 9. Re1 hxg3 10. hxg3 Bc5 11. Nxc6 dxc6 12. e5 f5 13. exf6 Nxf6 14. Bf4 Qb6
15. Qd2 Bd7 16. Na4 Qb5 17. Nxc5 Qxc5 18. b4 Qh5 19. Qd6 Kf7 20. Rad1 Kg6 21.
Re5 Qh2+ 22. Kf1 c5 23. Rg5+ Kh7 24. c4 Bc6 25. Bxc6 bxc6 26. Ke2 Qg2 27. Qd3+
Kg8 28. Qf3 Qxf3+ 29. Kxf3 cxb4 30. Rd6 Kf7 31. Rxc6 Rhc8 32. Rb6 Ra7 33. Rxb4
Rd7 34. Ra5 Rc6 35. Rba4 Rd4 36. Rxa6 Rxa6 37. Rxa6 Rxc4 38. Ra7+ Kg6 39. a4
Rc3+ 40. Be3 Nd5 41. a5 Ra3 42. Ke4 Nxe3 43. fxe3 Kf6 44. a6 Ra4+ 45. Kd3 Ke5
46. Ra8 Ra3+ 47. Kd2 Ke4 48. a7 e5 49. g4 g5 50. Rg8 Rxa7 51. Rxg5 Ra2+ 52. Ke1
Kxe3 53. Rxe5+ Kf4 54. Re2 Rxe2+ 55. Kxe2 Kxg4 1/2-1/2

[Event "Oberliga NRW"]
[Site "Würselen"]
[Date "2016.04.03"]
[Round "8"]
[White "Nissen, Claus"]
[Black "Goossens, Etienne"]
[Result "1-0"]
[WhiteElo "2158"]
[BlackElo "2210"]
[PlyCount "67"]
[WhiteTeam "Oberhaisener SV"]
[BlackTeam "SV Würselen"]

1. d4 Nf6 2. Nf3 g6 3. c4 Bg7 4. Nc3 O-O 5. e4 d6 6. Be2 e5 7. dxe5 dxe5 8.
Qxd8 Rxd8 9. Nd5 Nxd5 10. cxd5 c6 11. Bc4 b5 12. Bb3 Bb7 13. Bg5 Rd7 14. Rc1 a5
15. dxc6 Nxc6 16. Rc5 Nb4 17. O-O a4 18. Bd1 f6 19. Be3 Bf8 20. Rxb5 Nxa2 21.
Be2 Kg7 22. Nd2 Rc8 23. Bg4 Rcc7 24. Bxd7 Rxd7 25. Ra1 Nb4 26. Rxa4 Bc6 27.
Raxb4 f5 28. f4 g5 29. g3 gxf4 30. gxf4 exf4 31. Bxf4 fxe4 32. Rg5+ Kf6 33. Rb6
Bc5+ 34. Rxc5 1-0

[Event "Oberliga NRW"]
[Site "Würselen"]
[Date "2016.04.03"]
[Round "8"]
[White "Andok, Claus Michael"]
[Black "Voge, Andreas"]
[Result "1/2-1/2"]
[WhiteElo "2112"]
[BlackElo "2165"]
[PlyCount "29"]
[WhiteTeam "SV Würselen"]
[BlackTeam "Oberhausener SV"]

1. c4 e5 2. g3 Nf6 3. Bg2 Nc6 4. d3 g6 5. Nc3 Bg7 6. Nf3 O-O 7. O-O d6 8. Bg5
h6 9. Bd2 Bg4 10. h3 Be6 11. Qc1 Kh7 12. Rb1 Qd7 13. Kh2 d5 14. b4 d4 15. Na4
1/2-1/2

[Event "LSV Turm Lippstadt 1 - SF Katernberg 2"]
[Site "NRW-Klasse, Gruppe 1 2015/201"]
[Date "2016.04.03"]
[Round "8.1"]
[White "Rosen, Bernd"]
[Black "Wehmeier, Stefan"]
[Result "0-1"]
[WhiteElo "2233"]
[BlackElo "2393"]
[PlyCount "36"]
[EventDate "2016.??.??"]
[WhiteTeam "SF Katernberg 2"]
[BlackTeam "LSV Turm Lippstadt 1"]

1. Nf3 Nc6 2. e4 e5 3. d4 exd4 4. Bc4 Bc5 5. O-O d6 6. c3 Bg4 7. b4 Bb6 8. Qb3
Bxf3 9. Bxf7+ Kf8 10. gxf3 Qh4 11. Bxg8 Rxg8 12. c4 g5 13. c5 Qh3 14. cxb6 Ne5
15. Nd2 g4 16. fxg4 Rxg4+ 17. Qg3 axb6 18. Bb2 c5 0-1